Cities in China by Picture - Statistics

General Stats
  • This quiz has been taken 68 times
  • The average score is 9 of 24
Answer Stats
Picture Hint Answer % Correct
Forbidden City Beijing
98%
Lujiazui Shanghai
98%
Canton Tower Guangzhou
85%
Terracotta Warriors Xi'an
78%
Hongyadong Chongqing
69%
Kingkey 100 Shenzhen
64%
Yellow Crane Tower Wuhan
51%
West Lake Hangzhou
49%
Potala Palace Lhasa
49%
Saint Sophia Cathedral Harbin
35%
Classical Gardens Suzhou
33%
Dujiangyan Chengdu
31%
Sun Yat-sen Mausoleum Nanjing
27%
Jinmenguli Tianjin
20%
Orange Isle Changsha
18%
Badaguan Qingdao
16%
Gulangyu Xiamen
16%
Daguan Park Kunming
11%
Mogao Caves Dunhuang
9%
White Horse Temple Luoyang
9%
Pavilion of Prince Teng Nanchang
9%
Yueyang Tower Yueyang
7%
Imperial Kiln Museum Jingdezhen
5%
Slim West Lake Yangzhou
5%
No matching quizzes found
Score Distribution
Percent of People with Each Score
Percentile by Number Answered
Your Score History
You have not taken this quiz